000 00976nam a2200265Ia 4500
003 OSt
005 20220930082446.0
006 a|||||r|||| 00| 0
007 ta
008 220926b |||||||| |||| 00| 0 eng d
024 _a31,253
037 _cTheses
040 _aCRL
_cCRL
_beng
041 _2eng
_aeng
100 _aKapur Deeksha
_9531493
110 _aUniversity of Delhi. Faculty of Science. Department of Home Science
245 0 _aDetection and prevention of iron deficiency anaemia among children (9-36 months of age) by implementing a screeening and educational programme in an urban slum
260 _c2000
650 _aHOME ECONOMICS
700 _a Prof K N Agarwal Supervisor
_9531494
700 _a Prof Sushma Sharma Supervisor
_9531495
700 _aUniversity of Delhi. Faculty of Science. Department of Home Science
942 _cDIS
_2CC
999 _c873195
_d873195